000 00405nam a2200145Ia 4500
008 230917s9999||||xx |||||||||||||| ||und||
040 _e58901
_aMAIN
041 _aEnglish
082 _a813.09 P448U
100 _aPetrie, Dennis W
245 0 _aUltimately fiction: design in modern America literary biogrpahy
260 _aIndiana
_bPurdue University Press
_c1981
300 _aix, 240 p.
942 _cBK
999 _c227191
_d227191